| 000 | 00645cam a22002413a 4500 | ||
|---|---|---|---|
| 001 | 12907 | ||
| 003 | PGUSA | ||
| 005 | 20140828083259.0 | ||
| 008 | 040714s2004||||xxu|||||s|||||000 p eng d | ||
| 040 |
_aPGUSA _beng |
||
| 042 | _adc | ||
| 050 | 4 | _aPH | |
| 100 | 1 |
_aKivi, Aleksis, _d1834-1872 |
|
| 245 | 1 | 0 |
_aRunot; Lyhyet kertomukset _h[electronic resource] / _cAleksis Kivi |
| 260 |
_bProject Gutenberg, _c2004 |
||
| 506 | _aPublic domain in the USA. | ||
| 516 | _aElectronic text | ||
| 653 | _aShort stories | ||
| 653 | _aPoetry | ||
| 830 | 0 |
_aProject Gutenberg _v12907 |
|
| 856 | 4 | 0 | _uhttp://www.gutenberg.org/ebooks/12907 |
| 942 | _cEB | ||
| 999 |
_c242162 _d242162 |
||